Online
Catalog

Carta sobre la tolerancia / (Record no. 14199)

MARC details
000 -CABECERA
campo de control de longitud fija 00896cam a2200217 a 4500
001 - NÚMERO DE CONTROL
campo de control 000014614
003 - IDENTIFICADOR DEL NÚMERO DE CONTROL
campo de control UkOxU
005 - FECHA Y HORA DE LA ÚLTIMA TRANSACCIÓN
campo de control 20200929163857.0
008 - DATOS DE LONGITUD FIJA--INFORMACIÓN GENERAL
campo de control de longitud fija 881018s1966 ve b 000 0 spa u
040 ## - FUENTE DE LA CATALOGACIÓN
Centro catalogador/agencia de origen DO-SdBNP
Lengua de catalogación spa
Centro/agencia transcriptor BNPHU
082 ## - NÚMERO DE LA CLASIFICACIÓN DECIMAL DEWEY
Número de clasificación 179.9
Número de documento/Ítem L814c
100 1# - ENTRADA PRINCIPAL--NOMBRE DE PERSONA
Nombre de persona Locke, John,
Fechas asociadas al nombre 1632-1704.
9 (RLIN) 33101
245 10 - MENCIÓN DE TÍTULO
Título Carta sobre la tolerancia /
Mención de responsabilidad, etc. John Locke ; traducción de María Luengo de Valdes, introducción de Pedro Bravo Gala.
260 ## - PUBLICACIÓN, DISTRIBUCIÓN, ETC.
Lugar de publicación, distribución, etc. Caracas :
Nombre del editor, distribuidor, etc. Universidad Central de Venezuela ;
-- Facultad de Derecho ;
-- Instituto de Estudios Políticos,
Fecha de publicación, distribución, etc. 1966.
300 ## - DESCRIPCIÓN FÍSICA
Extensión 136 p. ;
Dimensiones 19 cm.
500 ## - NOTA GENERAL
Nota general Traducción de: una carta sobre la tolerancia. Originalmente publicado en latín como: de Tolerantie misiva.
650 #4 - PUNTO DE ACCESO ADICIONAL DE MATERIA--TÉRMINO DE MATERIA
Término de materia o nombre geográfico como elemento de entrada Tolerancia
9 (RLIN) 33102
650 #4 - PUNTO DE ACCESO ADICIONAL DE MATERIA--TÉRMINO DE MATERIA
Término de materia o nombre geográfico como elemento de entrada Libertad religiosa
9 (RLIN) 33103
700 1# - PUNTO DE ACCESO ADICIONAL--NOMBRE DE PERSONA
Nombre de persona Luengo de Valdes, María,
Término indicativo de función/relación tr.
9 (RLIN) 33104
700 1# - PUNTO DE ACCESO ADICIONAL--NOMBRE DE PERSONA
Nombre de persona Bravo, Pedro,
Término indicativo de función/relación int.
Forma completa/desarrollada del nombre (Bravo Gala)
9 (RLIN) 33105
Holdings
Estado de retiro Estado de pérdida Restricciones de uso No para préstamo Código de colección Localización permanente Ubicación/localización actual Ubicación en estantería Fecha de adquisición Número de inventario Total de préstamos Signatura topográfica completa Código de barras Fecha visto por última vez Precio válido a partir de Tipo de ítem Koha
      Excluido de préstamo Monografías: Libros y Folletos General General Depósito 15.01.2010 LF1   179.9 L814c 14614-10 25.06.2020 25.06.2020 No se presta
        Monografías: Libros y Folletos General General Orden iniciada 29.05.2017 LF1   179.9 L814c 14614-20 25.06.2020 25.06.2020 No se presta

Powered by Koha